Procurement (Record no. 76472)
[ view plain ]
| 000 -LEADER | |
|---|---|
| fixed length control field | 00760cab a2200181 4500 |
| 001 - CONTROL NUMBER | |
| control field | ##L132491 |
| 008 - FIXED-LENGTH DATA ELEMENTS--GENERAL INFORMATION | |
| fixed length control field | 060213n2006 000 0 eng u |
| 035 ## - SYSTEM CONTROL NUMBER | |
| System control number | (Sirsi) u132491 |
| 041 0# - LANGUAGE CODE | |
| Language code of text/sound track or separate title | eng |
| 100 1# - MAIN ENTRY--PERSONAL NAME | |
| Personal name | Rawlinson, Simon |
| 245 00 - TITLE STATEMENT | |
| Title | Procurement |
| Remainder of title | successful projects |
| 260 ## - PUBLICATION, DISTRIBUTION, ETC. | |
| Date of publication, distribution, etc. | 2006 |
| 490 #0 - SERIES STATEMENT | |
| Series statement | Building |
| Volume/sequential designation | 271(8417) 10 February 2006, 64-67(3) |
| 520 ## - SUMMARY, ETC. | |
| Summary, etc. | Examines the most common causes of project failure in the construction industry, analyses and defines the concept of success, considers how to create the conditions for success, and provides a checklist to help diagnose project health. Includes a case study of the Eden Project, phase one. |
| 590 ## - LOCAL NOTE (RLIN) | |
| Local note | 140206 |
| 690 ## - LOCAL SUBJECT ADDED ENTRY--TOPICAL TERM (OCLC, RLIN) | |
| Topical term or geographic name as entry element | MANAGEMENT-PROJECT MANAGEMENT-PROGRAMME ANALYSIS |
| 942 ## - ADDED ENTRY ELEMENTS (KOHA) | |
| Suppress in OPAC | 0 |
| Withdrawn status | Lost status | Source of classification or shelving scheme | Damaged status | Not for loan | Home library | Current library | Shelving location | Date acquired | Total Checkouts | Full call number | Barcode | Date last seen | Copy number | Price effective from | Koha item type |
|---|---|---|---|---|---|---|---|---|---|---|---|---|---|---|---|
| Dewey Decimal Classification | London | London | Journal article | 13/02/2006 | L132491 | 132491-1001 | 06/08/2019 | 1 | 06/08/2019 | Journal article |